00417nam a2200169Ia 4500003000400000005001700004008004100021020001400062040000700076041000800083082002100091100002300112245003600135260004600171300001600217365001400233OSt20230509105944.0210423s2006 xx 000 0 und d a321312074 cAL aeng a575.1 223bRUSP aRUSSELL (Peter J). aGenetics: a molecular approach. aNew YorkbPearson Benjamin Cummingsc2006 axxi,842bPB b3740cINR